Города Самарской области - Statistics

General Stats
  • This quiz has been taken 83 times
  • The average score is 7 of 11
Answer Stats
Население Город % Correct
1 158 952 Самара
100%
684 709 Тольятти
98%
165 725 Сызрань
85%
48 564 Жигулёвск
79%
98 306 Новокуйбышевск
71%
70 228 Чапаевск
65%
36 358 Кинель
60%
18 076 Нефтегорск
54%
46 984 Отрадный
42%
20 703 Октябрьск
38%
27 333 Похвистнево
37%
No matching quizzes found
Score Distribution
Percent of People with Each Score
Percentile by Number Answered
Your Score History
You have not taken this quiz